Datum a čas kvízu
38.5
Celkem bodů
Celkový počet nahraných bodů na tomto kvízu bez doplňovacích otázek.
1.
Pořadí na kvízu
Konečné umístění týmu na tomto kvízu.
Zaznamenané odpovědi
| # | Otázka | Odpověď | Body | Výsledky |
|---|---|---|---|---|
| 1. | Na webové adrese zemanznovu.cz... | e-shop s dámským textilem | 0 | |
| 2. | Prezident jednoho z afrických... | Namibie | 1 | |
| 3. | Během akce proti extremismu s... | Horkýže Slíže | 1 | |
| 4. | V úterý oslavil sedmdesáté nar... | Steve Wozniak | 1 | |
| 5. | Hokejisté Bostonu přišli v prů... | Tuukka Rask | 1 | |
| 6. | Nedávno jsme se zabývali různý... | Břetislav I. a Jitka (Gutta ze Schweinfurtu) | 0.5 | |
| 7. | Dne 24. července roku 1177 uza... | Fridrich I. Barbarossa (Rudovous) | 1 | |
| 8. | Dalším špičatým letopočtem v n... | Albrecht Dürer | 1 | |
| 9. | Dostáváme se do novověku, konk... | (von) Laudon | 1 | |
| 10. | Dne 30. dubna 1777 se narodil... | Carl Friedrich Gauss | 1 |